000 00428nam a22001337a 4500
020 _a9789693100150
040 _cNUST
082 _a891.4391 MAT
100 _aMoulana Ghulam Rasool Meher
_959096
245 _aMutalib Kalam Iqbal Urdu:
_bKalam wa Matalab Bange Dara, Bale-e-Jibreel, Zerb-e-Kalim, Armagan-e-Hijaz
260 _aLahore:
_bShiekh Ghulam and Sons,
_c2019.
650 _aUrdu Poetry-Iqbal
_9111971
942 _2ddc
_cBK
999 _c594055
_d594055